[Event "Qatar Masters Open 2023"]
[Site "Doha QAT"]
[Date "2023.10.14"]
[Round "4.19"]
[White "Stearman, Josiah"]
[Black "Paravyan, David"]
[Result "0-1"]
[WhiteTitle "IM"]
[BlackTitle "GM"]
[WhiteElo "2476"]
[BlackElo "2599"]
[WhiteFideId "2062496"]
[BlackFideId "4194985"]
[EventDate "2023.10.11"]

1. e4 e5 2. Nf3 Nf6 3. Nxe5 d6 4. Nf3 Nxe4 5. Nc3 Nxc3 6. dxc3 Be7 7. Be3 O-O 8.
Qd2 Nd7 9. O-O-O Re8 10. Bd3 Nc5 11. Bxc5 dxc5 12. Rhe1 Be6 13. Qf4 Bd6 14. Qe4
g6 15. Bc4 Bxc4 16. Qxc4 Qd7 17. Kb1 b5 18. Qd5 Rxe1 19. Rxe1 Re8 20. Re4 Rxe4
21. Qxe4 Bxh2 22. a4 Bd6 23. axb5 Qxb5 24. c4 Qd7 25. Ne1 Qe7 26. Qxe7 Bxe7 27.
c3 f5 28. Nd3 Kf7 29. b4 cxb4 30. cxb4 g5 31. Kc2 Ke6 32. Kd2 c6 33. Ke3 h5 34.
f3 h4 35. Kd4 a6 36. Ke3 Bd6 37. Ke2 g4 38. f4 Ke7 39. Kf2 Ke8 40. Ke3 Kd7 41.
Ke2 c5 42. bxc5 Bc7 43. Ke3 a5 44. Kd4 h3 45. gxh3 gxh3 46. Nf2 h2 0-1

[Event "Qatar Masters Open 2023"]
[Site "Doha QAT"]
[Date "2023.10.14"]
[Round "4.20"]
[White "Sethuraman, S.P."]
[Black "Xiao, Tong(QD)"]
[Result "1-0"]
[WhiteTitle "GM"]
[WhiteElo "2598"]
[BlackElo "2476"]
[WhiteFideId "5021596"]
[BlackFideId "8622388"]
[EventDate "2023.10.11"]

1. e4 c5 2. Nf3 d6 3. d4 cxd4 4. Nxd4 Nf6 5. Nc3 a6 6. Be3 e5 7. Nb3 Be6 8. f3
Be7 9. Qd2 h5 10. Nd5 Nxd5 11. exd5 Bf5 12. O-O-O Nd7 13. Kb1 Rc8 14. Rc1 Nf6
15. g3 Qc7 16. h3 h4 17. g4 Bg6 18. Ka1 O-O 19. c4 Qd8 20. Rg1 b6 21. Qf2 Nd7
22. g5 Nc5 23. Nxc5 bxc5 24. Rc3 Rb8 25. Bd3 Qb6 26. Bc1 Qd8 27. Qxh4 f5 28. f4
e4 29. Be2 Kf7 30. Qe1 Rh8 31. Ra3 Ra8 32. Bd1 Kg8 33. Rgg3 Bh5 34. Bc2 Kh7 35.
Rgb3 Qc7 36. Bd2 Bd8 37. Ba5 Qe7 38. Bd2 Qd7 39. Re3 Ra7 40. Rg3 Qe7 41. Kb1 Ra8
42. Kc1 Ra7 43. Bc3 Kg6 44. Qe3 Bb6 45. Kd2 Rb8 46. Qe1 Bd8 47. Re3 Bc7 48. Bxe4
fxe4 49. Rxe4 Qf8 50. Qh4 Qh8 51. Re6+ Kf5 52. Qg3 1-0

[Event "Qatar Masters Open 2023"]
[Site "Doha QAT"]
[Date "2023.10.14"]
[Round "4.21"]
[White "Nogerbek, Kazybek"]
[Black "Pranav, V"]
[Result "1/2-1/2"]
[WhiteTitle "IM"]
[BlackTitle "GM"]
[WhiteElo "2471"]
[BlackElo "2579"]
[WhiteFideId "13710427"]
[BlackFideId "25060783"]
[EventDate "2023.10.11"]

1. d4 Nf6 2. c4 g6 3. Nc3 Bg7 4. e4 d6 5. Nf3 O-O 6. Be2 Nbd7 7. O-O e5 8. Re1
Re8 9. Bf1 c6 10. d5 c5 11. h3 Qe7 12. Be3 Kh8 13. Rb1 Ng8 14. b4 b6 15. bxc5
Nxc5 16. a4 Bh6 17. Bxh6 Nxh6 18. a5 Qd8 19. axb6 axb6 20. Qd2 Ng8 21. Qb2 Ra6
22. Nd2 Nf6 23. Ra1 Re7 24. Rxa6 Bxa6 25. Rb1 Rb7 26. Be2 Rb8 27. Ra1 Qc8 28.
Qc2 Kg7 29. Ra2 Ncd7 30. Qa4 Nc5 31. Qc2 Ncd7 32. Qa4 Nc5 33. Qc2 1/2-1/2

[Event "Qatar Masters Open 2023"]
[Site "Doha QAT"]
[Date "2023.10.14"]
[Round "4.22"]
[White "Gagare, Shardul"]
[Black "Can, Emre"]
[Result "1/2-1/2"]
[WhiteTitle "GM"]
[BlackTitle "GM"]
[WhiteElo "2460"]
[BlackElo "2576"]
[WhiteFideId "5037883"]
[BlackFideId "6302181"]
[EventDate "2023.10.11"]

1. d4 Nf6 2. c4 g6 3. Nf3 Bg7 4. g3 O-O 5. Bg2 d6 6. O-O c6 7. Nc3 Qb6 8. h3 Qa6
9. Nd2 Qb6 10. Nf3 Qa6 11. Nd2 Qb6 12. Nf3 Nbd7 13. e4 e5 14. c5 dxc5 15. dxe5
Ne8 16. e6 fxe6 17. Ng5 Ne5 18. f4 Nf7 19. Nxf7 Bd4+ 20. Kh2 Rxf7 21. e5 Qc7 22.
Ne4 b6 23. Qc2 Ba6 24. Rd1 Ng7 25. Ng5 Re7 26. g4 Qd7 27. h4 Ne8 28. Ne4 Kh8 29.
a4 Qd8 30. Ra3 Nc7 31. Nf6 Nd5 1/2-1/2

[Event "Qatar Masters Open 2023"]
[Site "Doha QAT"]
[Date "2023.10.14"]
[Round "4.23"]
[White "Baskin, Robert"]
[Black "Shimanov, Aleksandr"]
[Result "1/2-1/2"]
[WhiteTitle "IM"]
[BlackTitle "GM"]
[WhiteElo "2451"]
[BlackElo "2566"]
[WhiteFideId "24662402"]
[BlackFideId "4198603"]
[EventDate "2023.10.11"]

1. e4 c6 2. d4 d5 3. e5 Bf5 4. h4 h5 5. Bd3 Bxd3 6. Qxd3 Qa5+ 7. Nd2 e6 8. Nf3
Ne7 9. O-O Nf5 10. Nb3 Qb5 11. Qd1 c5 12. a4 Qb6 13. dxc5 Bxc5 14. a5 Qc7 15.
Nxc5 Qxc5 16. c3 Nc6 17. Bg5 Qb5 18. b4 O-O 19. Re1 Qc4 20. a6 bxa6 21. Nd2 Qd3
22. Qxh5 Rfc8 23. Qf3 Qxf3 24. Nxf3 d4 25. g4 Nh6 26. Bxh6 gxh6 27. Nxd4 Nxd4
28. cxd4 Rc4 29. Red1 Rd8 30. Rxa6 Rdxd4 31. Rxd4 Rxd4 32. f3 1/2-1/2

[Event "Qatar Masters Open 2023"]
[Site "Doha QAT"]
[Date "2023.10.14"]
[Round "4.24"]
[White "Karthik, Venkataraman"]
[Black "Vantika, Agrawal"]
[Result "1-0"]
[WhiteTitle "GM"]
[BlackTitle "IM"]
[WhiteElo "2563"]
[BlackElo "2435"]
[WhiteFideId "25006479"]
[BlackFideId "25050389"]
[EventDate "2023.10.11"]

1. d4 Nf6 2. c4 e6 3. Nf3 d5 4. Nc3 Be7 5. g3 O-O 6. Bg2 dxc4 7. Ne5 Qd6 8. O-O
Qa6 9. a4 Nc6 10. Nb5 Nxe5 11. dxe5 Rd8 12. exf6 Rxd1 13. Rxd1 Bd6 14. Bf4 Qa5
15. Nxd6 cxd6 16. Rxd6 gxf6 17. Bh6 e5 18. Rad1 Be6 19. Bxb7 Re8 20. Bc6 Rb8 21.
h4 Qc7 22. Bb5 Qa5 23. Kh2 Qc7 24. R1d2 f5 25. f4 e4 26. h5 e3 27. R2d4 Qa5 28.
Kg2 Rf8 29. Rd1 Rb8 30. Kf3 Qc7 31. R1d4 Qa5 32. Rd1 Qc7 33. Bg5 Kg7 34. Rxe6
Qb7+ 35. Bc6 fxe6 36. Bxb7 Rxb7 37. Kxe3 h6 38. Bh4 Kf7 39. Rd4 Rb3+ 40. Kf2
Rxb2 41. Rxc4 Rb7 42. a5 1-0

[Event "Qatar Masters Open 2023"]
[Site "Doha QAT"]
[Date "2023.10.14"]
[Round "4.25"]
[White "Srihari, L R"]
[Black "Rasulov, Vugar"]
[Result "1/2-1/2"]
[WhiteTitle "IM"]
[BlackTitle "GM"]
[WhiteElo "2438"]
[BlackElo "2560"]
[WhiteFideId "46617116"]
[BlackFideId "13402390"]
[EventDate "2023.10.11"]

1. Nf3 Nf6 2. c4 e6 3. Nc3 d5 4. e3 b6 5. b3 Bb7 6. Bb2 a6 7. Rc1 Bd6 8. cxd5
exd5 9. Ne2 c5 10. Ng3 Nc6 11. Nf5 Bf8 12. d4 Rc8 13. Bd3 g6 14. Ng3 cxd4 15.
O-O dxe3 16. Qe2 Bh6 17. fxe3 O-O 18. Nh4 d4 19. Nhf5 gxf5 20. Nxf5 Bxe3+ 21.
Nxe3 Re8 22. Rxf6 Qxf6 23. Qg4+ Qg7 24. Qxg7+ Kxg7 25. Nf5+ Kg8 26. Nd6 Ne5 27.
Nxe8 Rxc1+ 28. Bxc1 Nxd3 29. Bd2 Nc5 30. Nd6 Ba8 31. Nc8 Be4 32. Bh6 Bb1 33.
Ne7+ Kh8 34. b4 Ne4 35. a3 b5 36. Kf1 Nd6 37. Nc6 d3 38. Ke1 Nc4 39. Nb8 a5 40.
bxa5 Nxa5 41. Kd2 Nc4+ 42. Kc3 Nd6 43. Kb2 Bc2 44. Nc6 Nc4+ 45. Kc3 Nxa3 46. Nb4
f5 47. Nxd3 Bxd3 48. Kxd3 Kg8 49. h3 Kf7 50. g4 fxg4 51. hxg4 Ke6 52. Kc3 Nc4
53. Kb4 Nd6 54. Bf4 Ne4 55. Kxb5 Kd5 56. Bh6 Nf2 57. g5 Nd3 58. Bg7 Nf4 59. Kb4
Ne6 60. Bh6 Kd4 61. Kb3 Kd3 62. Kb2 Nd4 63. Kc1 Ke2 64. Bg7 Nf5 65. Bh6 1/2-1/2

[Event "Qatar Masters Open 2023"]
[Site "Doha QAT"]
[Date "2023.10.14"]
[Round "4.26"]
[White "Nitin, S."]
[Black "Kaidanov, Gregory"]
[Result "1/2-1/2"]
[WhiteTitle "IM"]
[BlackTitle "GM"]
[WhiteElo "2373"]
[BlackElo "2554"]
[WhiteFideId "5018277"]
[BlackFideId "2008564"]
[EventDate "2023.10.11"]

1. e4 e6 2. d4 d5 3. e5 c5 4. c3 Nc6 5. Nf3 Bd7 6. Be2 Nge7 7. Na3 cxd4 8. cxd4
Nf5 9. Nc2 Be7 10. O-O O-O 11. Bd3 f6 12. Bxf5 exf5 13. Re1 Be8 14. exf6 Bxf6
15. Qd3 f4 16. Bxf4 Bg6 17. Qd2 Bxc2 18. Qxc2 Nxd4 19. Nxd4 Bxd4 20. Be3 Qf6 21.
Bxd4 Qxd4 22. Rad1 Rac8 23. Qd2 Qxd2 24. Rxd2 Rc5 25. g3 a5 26. Re7 Rf7 27. Re8+
Rf8 28. Re7 Rf7 29. Re8+ Rf8 30. Re7 Rf7 1/2-1/2

[Event "Qatar Masters Open 2023"]
[Site "Doha QAT"]
[Date "2023.10.14"]
[Round "4.27"]
[White "Adhiban, Baskaran"]
[Black "Audi, Ameya"]
[Result "1-0"]
[WhiteTitle "GM"]
[BlackTitle "IM"]
[WhiteElo "2551"]
[BlackElo "2372"]
[WhiteFideId "5018471"]
[BlackFideId "25034430"]
[EventDate "2023.10.11"]

1. e4 e5 2. Nf3 Nc6 3. d4 exd4 4. Nxd4 Nf6 5. Nxc6 bxc6 6. e5 Qe7 7. Qe2 Nd5 8.
h4 a5 9. g3 Ba6 10. c4 Qe6 11. Bh3 Bb4+ 12. Nd2 Qe7 13. O-O O-O 14. Nf3 Nb6 15.
b3 d5 16. Qc2 dxc4 17. Rd1 h6 18. Bb2 c3 19. Bxc3 Bxc3 20. Qxc3 Be2 21. Nd4 Bxd1
22. Nxc6 Qa3 23. Rxd1 Kh8 24. Qc2 a4 25. b4 Qf3 26. Rd4 Nd5 27. Bg2 Qc3 28. Rd2
Qa1+ 29. Rd1 Qc3 30. Rd2 Qa1+ 31. Kh2 Nc3 32. e6 fxe6 33. Ne5 Rab8 34. Ng6+ Kg8
35. Ne7+ Kh8 36. Ng6+ Kg8 37. Nxf8 Rxf8 38. Qg6 Qe1 39. Rd7 Qe5 40. f4 Qf6 41.
Qxf6 gxf6 42. Rxc7 Nxa2 43. b5 Rb8 44. f5 Nb4 45. fxe6 a3 46. Ra7 a2 47. Bc6 h5
48. Kh3 f5 49. e7 Nxc6 50. bxc6 Kf7 51. Rxa2 Kxe7 52. c7 Rf8 53. Rd2 Rc8 54. Rc2
Kd7 55. Kg2 f4 56. gxf4 Rg8+ 57. Kf3 Kc8 58. f5 Rg4 59. f6 Rg6 60. Rc6 1-0

[Event "Qatar Masters Open 2023"]
[Site "Doha QAT"]
[Date "2023.10.14"]
[Round "4.28"]
[White "Jain, Kashish Manoj"]
[Black "Makarian, Rudik"]
[Result "0-1"]
[WhiteTitle "FM"]
[BlackTitle "IM"]
[WhiteElo "2338"]
[BlackElo "2548"]
[WhiteFideId "35081098"]
[BlackFideId "44105681"]
[EventDate "2023.10.11"]

1. e4 c5 2. Nf3 e6 3. b3 Nc6 4. Bb2 Nh6 5. Bb5 f6 6. O-O Be7 7. d4 cxd4 8. Nxd4
Nxd4 9. Qxd4 O-O 10. Be2 b6 11. Ba3 Bb7 12. Bxe7 Qxe7 13. Nd2 d5 14. exd5 Bxd5
15. Bf3 Rad8 16. Qb2 Nf5 17. c4 Bb7 18. Bxb7 Qxb7 19. Nf3 e5 20. Rfd1 Qe4 21.
Re1 Qd3 22. Qb1 g5 23. h3 h5 24. Rd1 Qxb1 25. Raxb1 e4 26. Ne1 Nh4 27. Rbc1 f5
28. Rxd8 Rxd8 29. b4 Ng6 30. Kf1 Kf7 31. c5 bxc5 32. bxc5 Rc8 33. Ke2 Ke6 34. f3
Nf4+ 35. Ke3 Ke5 36. fxe4 fxe4 37. Rc4 Nd5+ 38. Ke2 Rc6 39. Nc2 Nf4+ 40. Kf2 Ne6
41. Ke3 Rxc5 42. Rxe4+ Kf6 43. Ne1 Rc3+ 44. Kf2 Ra3 45. Re2 Nf4 46. Rb2 g4 47.
hxg4 hxg4 48. Rb3 Rxa2+ 49. Kg3 Ra4 50. Nc2 Nd5 51. Ne3 Nxe3 52. Rxe3 a5 53. Re8
Rc4 54. Ra8 a4 55. Ra5 Ke6 56. Kf2 Re4 57. Kg3 Kd6 58. Kh4 Kc6 59. Kg5 Kb6 60.
Ra8 Kb5 61. Kf5 Rc4 62. Ke5 Kb4 63. Kd5 Kb3 64. g3 Rc3 65. Kd4 0-1

[Event "Qatar Masters Open 2023"]
[Site "Doha QAT"]
[Date "2023.10.14"]
[Round "4.29"]
[White "Rakesh, Kumar Jena"]
[Black "Visakh, N R"]
[Result "0-1"]
[WhiteTitle "IM"]
[BlackTitle "GM"]
[WhiteElo "2312"]
[BlackElo "2547"]
[WhiteFideId "5084822"]
[BlackFideId "25012223"]
[EventDate "2023.10.11"]

1. d4 d5 2. Bf4 c5 3. e3 cxd4 4. exd4 Bf5 5. g4 Be4 6. f3 Bg6 7. c4 Nf6 8. Nc3
Nc6 9. h4 h6 10. h5 Bh7 11. c5 e6 12. Nb5 Rc8 13. Qa4 Nd7 14. Nxa7 Nxa7 15. Qxa7
e5 16. Bg3 Be7 17. Qxb7 O-O 18. c6 Nb8 19. Rc1 Qa5+ 20. Kf2 Bg5 21. Bxe5 Bxc1
22. Bb5 Nxc6 23. Bxc6 Qd2+ 24. Kg3 Qe1+ 25. Kg2 Qd2+ 26. Kh3 Bd3 27. Bb5 Rc4 28.
Bxc4 Bxc4 29. Ne2 Bxe2 30. Qxd5 Bxb2 31. Qe4 Bd3 32. Qb7 Qf2 33. Bg3 Bf1+ 34.
Kh4 Bxd4 35. Qc6 Qg2 0-1

[Event "Qatar Masters Open 2023"]
[Site "Doha QAT"]
[Date "2023.10.14"]
[Round "4.30"]
[White "Vignesh, N R"]
[Black "Liu, Yi"]
[Result "1/2-1/2"]
[WhiteTitle "GM"]
[BlackTitle "FM"]
[WhiteElo "2527"]
[BlackElo "2301"]
[WhiteFideId "25012215"]
[BlackFideId "3210588"]
[EventDate "2023.10.11"]

1. e4 e6 2. d4 d5 3. e5 c5 4. c3 Nc6 5. Nf3 Qb6 6. a3 c4 7. Nbd2 Na5 8. Rb1 Bd7
9. h4 O-O-O 10. b4 cxb3 11. Nxb3 Ba4 12. Nfd2 Kb8 13. Bd3 Rc8 14. Bc2 Rxc3 15.
Nxa5 Bxc2 16. Rxb6 axb6 17. Qh5 Bg6 18. Qd1 Bc2 19. Qh5 Bg6 20. Qd1 Bc2 1/2-1/2

[Event "Qatar Masters Open 2023"]
[Site "Doha QAT"]
[Date "2023.10.14"]
[Round "4.31"]
[White "Bakhrillaev, Bakhrom"]
[Black "Sankalp, Gupta"]
[Result "0-1"]
[WhiteTitle "FM"]
[BlackTitle "GM"]
[WhiteElo "2302"]
[BlackElo "2518"]
[WhiteFideId "14212285"]
[BlackFideId "5097010"]
[EventDate "2023.10.11"]

1. d4 Nf6 2. c4 e6 3. Nc3 Bb4 4. e3 O-O 5. Bd3 d5 6. Nf3 dxc4 7. Bxc4 c5 8. O-O
cxd4 9. exd4 b6 10. Re1 Bb7 11. Bd3 h6 12. a3 Bd6 13. Qe2 Nbd7 14. Bc2 Rc8 15.
Ne5 Nd5 16. Nxd7 Qxd7 17. Qe4 g6 18. Ba4 Qe7 19. Nxd5 Bxd5 20. Qe3 h5 21. h3 Qb7
22. Qg5 Be7 23. Qe5 Kh7 24. f3 b5 25. Bd1 Rc6 26. Be2 Bd6 27. Qg5 Bc4 28. Be3
Be7 29. Qg3 Bxe2 30. Rxe2 Rd8 31. Qf4 Kg8 32. g4 Rd5 33. Qe4 Bf6 34. Rd1 Qd7 35.
f4 Rc4 36. Red2 a5 37. Kg2 a4 38. Kf3 Bg7 39. Kg2 Qc6 40. Kf1 Qd7 41. Kg2 b4 42.
Bf2 Bf8 43. axb4 Rxb4 44. Rc2 Bg7 45. Rdc1 Bxd4 46. Rc8+ Kg7 47. R8c7 Qd6 48.
R1c6 Bxf2 49. Rxd6 Rxe4 50. Rxd5 Bb6 51. Rc6 exd5 52. Rxb6 hxg4 53. hxg4 Rxf4
54. Kg3 Rd4 55. Kf3 g5 0-1

[Event "Qatar Masters Open 2023"]
[Site "Doha QAT"]
[Date "2023.10.14"]
[Round "4.32"]
[White "Oparin, Grigoriy"]
[Black "Mohammad Fahad, Rahman"]
[Result "1-0"]
[WhiteTitle "GM"]
[BlackTitle "IM"]
[WhiteElo "2681"]
[BlackElo "2396"]
[WhiteFideId "24125890"]
[BlackFideId "10207791"]
[EventDate "2023.10.11"]

1. e4 c5 2. Nf3 Nc6 3. Bb5 Nf6 4. Nc3 g6 5. e5 Ng4 6. Bxc6 dxc6 7. d3 Bg7 8. Qe2
O-O 9. Bf4 Nh6 10. Qe3 Nf5 11. Qxc5 Be6 12. O-O-O Qd7 13. d4 b6 14. Qa3 a5 15.
g4 Nh6 16. h3 Kh8 17. Na4 Rab8 18. Qe3 Ng8 19. b3 Bd5 20. c4 Bxf3 21. Qxf3 b5
22. Nc5 Qc8 23. cxb5 Rxb5 24. h4 f6 25. e6 f5 26. g5 Rd8 27. h5 Rxd4 28. Nd7
Rxd1+ 29. Qxd1 Rd5 30. Qe2 Qe8 31. h6 Ba1 32. Kb1 1-0

[Event "Qatar Masters Open 2023"]
[Site "Doha QAT"]
[Date "2023.10.14"]
[Round "4.33"]
[White "Puranik, Abhimanyu"]
[Black "Njili, Kamel"]
[Result "1-0"]
[WhiteTitle "GM"]
[BlackTitle "IM"]
[WhiteElo "2618"]
[BlackElo "2423"]
[WhiteFideId "5061245"]
[BlackFideId "5500869"]
[EventDate "2023.10.11"]

1. e4 c5 2. Nf3 d6 3. d4 cxd4 4. Nxd4 Nf6 5. Nc3 a6 6. h3 e6 7. g4 b5 8. g5 Nfd7
9. a3 Bb7 10. h4 Be7 11. Be3 Nc6 12. Qd2 Rc8 13. Nxc6 Bxc6 14. O-O-O Rb8 15. h5
a5 16. h6 g6 17. b4 axb4 18. axb4 Qc7 19. f4 O-O 20. Rh3 Rfc8 21. Kb2 Nb6 22.
Ra1 Nc4+ 23. Bxc4 bxc4 24. Kc1 d5 25. exd5 Bxd5 26. Qd4 Bf8 27. Ra7 Bb7 28. Ne4
e5 29. fxe5 Rd8 30. Nf6+ Kh8 31. Nd5 Rxd5 32. Qxd5 Bxd5 33. Rxc7 Bxb4 34. Bc5
Ba5 35. Ra7 Bd8 36. Be7 Bb6 37. Ra6 Bd4 38. Bf6+ Kg8 39. e6 Bxf6 40. exf7+ 1-0

[Event "Qatar Masters Open 2023"]
[Site "Doha QAT"]
[Date "2023.10.14"]
[Round "4.34"]
[White "Divya, Deshmukh"]
[Black "Gupta, Abhijeet"]
[Result "1/2-1/2"]
[WhiteTitle "WGM"]
[BlackTitle "GM"]
[WhiteElo "2408"]
[BlackElo "2609"]
[WhiteFideId "35006916"]
[BlackFideId "5010608"]
[EventDate "2023.10.11"]

1. e4 e5 2. Nf3 Nc6 3. Bb5 a6 4. Ba4 Nf6 5. O-O Be7 6. d3 b5 7. Bb3 d6 8. a3 O-O
9. Nc3 Rb8 10. Ba2 a5 11. Nd5 Be6 12. c3 a4 13. Ng5 Bxd5 14. exd5 Na5 15. f4 Nd7
16. Nf3 Bf6 17. fxe5 Nxe5 18. Nxe5 Bxe5 19. d4 Bf6 20. Qg4 Re8 21. Bh6 Qe7 22.
Qg3 Kh8 23. Rae1 Qd7 24. Rxe8+ Rxe8 25. Bb1 Bxd4+ 26. cxd4 gxh6 27. Qd3 f5 28.
Rxf5 Nc4 29. Rf6 Qg7 30. Re6 Rf8 31. h3 h5 32. Kh1 h4 33. Qe2 Qg5 34. Re8 Qc1+
35. Kh2 Qf4+ 36. Kh1 Qc1+ 37. Kh2 Qf4+ 38. Kh1 Qc1+ 1/2-1/2

[Event "Qatar Masters Open 2023"]
[Site "Doha QAT"]
[Date "2023.10.14"]
[Round "4.35"]
[White "Zou, Chen"]
[Black "Parligras, Mircea-Emilian"]
[Result "1/2-1/2"]
[WhiteTitle "IM"]
[BlackTitle "GM"]
[WhiteElo "2418"]
[BlackElo "2561"]
[WhiteFideId "8610959"]
[BlackFideId "1204297"]
[EventDate "2023.10.11"]

1. e4 c5 2. Nf3 d6 3. d4 cxd4 4. Nxd4 Nf6 5. Nc3 a6 6. f3 e5 7. Nb3 Be6 8. Be3
h5 9. Qd2 Nbd7 10. Nd5 Bxd5 11. exd5 g6 12. O-O-O Nb6 13. Qa5 Bh6 14. Bxh6 Rxh6
15. Kb1 Rc8 16. Qb4 Qc7 17. c4 Kf8 18. Rc1 Kg7 19. h4 Nbd7 20. Be2 b6 21. g4
hxg4 22. fxg4 Ne4 23. Qe1 Rch8 24. h5 Ndc5 25. Nd2 a5 26. Nxe4 Nxe4 27. Bd1 Ng5
28. Qe3 f6 29. Rf1 Qc5 30. Qd3 Re8 31. Rc2 e4 32. Qc3 Re5 33. Rcf2 gxh5 34. gxh5
e3 35. Rg2 b5 36. cxb5 Rxd5 37. Qxc5 Rxc5 38. Re1 Rxb5 39. Rxe3 Rh8 40. Re7+ Kh6
41. Rd2 Rd8 1/2-1/2

[Event "Qatar Masters Open 2023"]
[Site "Doha QAT"]
[Date "2023.10.14"]
[Round "4.36"]
[White "Lalit Babu M R"]
[Black "Arhan, Chethan Anand"]
[Result "1-0"]
[WhiteTitle "GM"]
[BlackTitle "FM"]
[WhiteElo "2547"]
[BlackElo "2395"]
[WhiteFideId "5024595"]
[BlackFideId "45062510"]
[EventDate "2023.10.11"]

1. d4 Nf6 2. c4 e6 3. Nf3 d5 4. g3 Bb4+ 5. Bd2 Be7 6. Bg2 O-O 7. Qc2 c6 8. Bf4
Nbd7 9. h4 Nh5 10. Ng5 g6 11. Bd2 Ndf6 12. Nf3 c5 13. Bc3 Qc7 14. O-O Ng4 15.
cxd5 cxd4 16. Nxd4 Nxg3 17. fxg3 Qxg3 18. Rf3 Qh2+ 19. Kf1 e5 20. Nb3 Qxh4 21.
N1d2 f5 22. d6 Bxd6 23. Qd3 e4 24. Qd4 Be5 25. Rh3 Nh2+ 26. Rxh2 Qf4+ 27. Qf2
Qxh2 28. Nd4 Bg3 29. N2f3 Bxf2 30. Nxh2 Bg3 31. Kg1 Bd7 32. Nf1 Bf4 33. Kf2 Bg5
34. Ne3 Rae8 35. Nd5 f4 36. Rd1 Bc6 37. Nc7 f3 38. exf3 exf3 39. Bh3 Re2+ 40.
Kf1 Bf6 41. Kg1 Rd8 42. Rd3 Re4 43. Be6+ Rxe6 44. Ncxe6 Rd6 45. Nc5 Bh4 46. Nxc6
Rxc6 47. Ne4 Re6 48. Nf2 h5 49. Rxf3 g5 50. Nd3 Re4 51. Kf1 b6 52. Rf5 Ra4 53.
a3 Re4 54. Ne5 Kh7 55. Nf3 Kg6 56. Rf6+ Kh7 57. Bd2 Kg7 58. Rf5 Kg6 59. Nxh4+
Rxh4 60. Rxg5+ Kf6 61. Rg8 Re4 62. Ra8 Re7 63. Rh8 Rf7 64. Ke2 Re7+ 65. Kd1 Ke5
66. Rxh5+ Kd4 67. Kc2 Re2 68. Rh7 a5 69. Rh6 b5 70. Rh5 b4 71. axb4 axb4 72. Rb5
Kc4 73. Rxb4+ Kc5 74. Rg4 Kb5 75. Kd3 Re8 76. b3 Rd8+ 77. Rd4 Rc8 78. Rd5+ Kc6
79. Rh5 Kb6 80. Be3+ Ka6 81. b4 Rd8+ 82. Kc4 Rc8+ 83. Bc5 Rg8 84. Rh6+ Kb7 85.
Rh7+ Kb8 86. b5 Rg6 87. b6 Ka8 88. Kb5 Rd6 89. b7+ Kb8 90. Bxd6+ 1-0

[Event "Qatar Masters Open 2023"]
[Site "Doha QAT"]
[Date "2023.10.14"]
[Round "4.37"]
[White "Panda, Sambit"]
[Black "Iniyan, P"]
[Result "1-0"]
[WhiteTitle "IM"]
[BlackTitle "GM"]
[WhiteElo "2395"]
[BlackElo "2510"]
[WhiteFideId "25091794"]
[BlackFideId "25002767"]
[EventDate "2023.10.11"]

1. d4 Nf6 2. c4 e6 3. Nc3 Bb4 4. e3 O-O 5. Bd3 d5 6. a3 Bxc3+ 7. bxc3 dxc4 8.
Bxc4 c5 9. Nf3 Qc7 10. Be2 b6 11. Bb2 Bb7 12. O-O Rd8 13. Re1 Nc6 14. Rc1 Rac8
15. Bd3 Qe7 16. e4 Na5 17. Qe2 Rc7 18. Rcd1 h6 19. Ne5 Rdc8 20. f4 cxd4 21. cxd4
b5 22. d5 exd5 23. Ng4 Qc5+ 24. Kh1 Nxg4 25. Qxg4 d4 26. e5 Qd5 27. Be4 Qc4 28.
Bxb7 Nxb7 29. Bxd4 Rd8 30. f5 Rcd7 31. f6 g6 32. e6 Rxd4 33. e7 Rxg4 34. Rxd8+
Kh7 35. Rh8+ 1-0

[Event "Qatar Masters Open 2023"]
[Site "Doha QAT"]
[Date "2023.10.14"]
[Round "4.38"]
[White "Panesar, Vedant"]
[Black "Dai, Changren"]
[Result "1/2-1/2"]
[WhiteTitle "FM"]
[BlackTitle "GM"]
[WhiteElo "2372"]
[BlackElo "2507"]
[WhiteFideId "35033018"]
[BlackFideId "8608156"]
[EventDate "2023.10.11"]

1. e4 e5 2. Nf3 Nc6 3. Bb5 a6 4. Ba4 Nf6 5. O-O Be7 6. d3 b5 7. Bb3 d6 8. a3 Na5
9. Ba2 c5 10. Nc3 Be6 11. Nh4 c4 12. Nf5 Bxf5 13. exf5 d5 14. Bg5 O-O 15. Qe2
Ra7 16. Rad1 Rd7 17. dxc4 dxc4 18. Bxf6 Bxf6 19. Ne4 Rxd1 20. Rxd1 Qc8 21. g4
Be7 22. c3 Rd8 23. Bb1 f6 24. h4 Nb7 25. Kg2 Qc6 26. Rxd8+ Bxd8 27. Qf3 Kf8 28.
g5 fxg5 29. hxg5 Nd6 30. g6 h6 31. Nxd6 Qxd6 32. Qb7 Bc7 33. Be4 Ke7 34. Qc8 Kf6
35. Qg8 Qe7 36. Qd5 Kg5 37. Qd2+ 1/2-1/2

[Event "Qatar Masters Open 2023"]
[Site "Doha QAT"]
[Date "2023.10.14"]
[Round "4.39"]
[White "Nurmanova, Alua"]
[Black "Chanda, Sandipan"]
[Result "1-0"]
[WhiteTitle "WIM"]
[BlackTitle "GM"]
[WhiteElo "2347"]
[BlackElo "2496"]
[WhiteFideId "13729390"]
[BlackFideId "5004225"]
[EventDate "2023.10.11"]

1. e4 e6 2. d4 d5 3. Nc3 Bb4 4. e5 c5 5. a3 Bxc3+ 6. bxc3 Nc6 7. Nf3 Qa5 8. Bd2
c4 9. h4 Nge7 10. h5 h6 11. g3 Bd7 12. Bh3 O-O-O 13. O-O f5 14. exf6 gxf6 15.
Re1 Nf5 16. Bxf5 exf5 17. Nh4 Rde8 18. Ng6 Rxe1+ 19. Bxe1 Re8 20. Qd2 Qa4 21. f3
Nd8 22. Qxh6 Qxc2 23. Qd2 Qb3 24. Bf2 Nf7 25. Be3 Ba4 26. Bf4 Kd7 27. Re1 Rxe1+
28. Qxe1 Qxa3 29. h6 Bc2 30. h7 a5 31. Bc1 Qd6 32. Bf4 Qa3 33. Bc1 Qd6 34. h8=Q
Nxh8 35. Nxh8 f4 36. Bxf4 Qf8 37. Qd2 Bh7 38. Qa2 Qxh8 39. Qxa5 Bg8 40. Qc7+ Ke8
41. Qxb7 Qh7 42. Qc6+ Ke7 43. Qd6+ Ke8 44. Qc6+ Ke7 45. Qd6+ Ke8 46. Qxf6 Qb1+
47. Kh2 Qc2+ 48. Kh3 Bf7 49. Qc6+ Kf8 50. Bh6+ Ke7 51. Bg5+ Kf8 52. Qh6+ Kg8 53.
Bf6 Be6+ 54. g4 Bxg4+ 55. Kg3 Kf7 56. Qg7+ 1-0

[Event "Qatar Masters Open 2023"]
[Site "Doha QAT"]
[Date "2023.10.14"]
[Round "4.40"]
[White "Samadov, Read"]
[Black "Balajayeva, Khanim"]
[Result "1-0"]
[WhiteTitle "IM"]
[BlackTitle "IM"]
[WhiteElo "2492"]
[BlackElo "2340"]
[WhiteFideId "13417444"]
[BlackFideId "13406396"]
[EventDate "2023.10.11"]

1. Nf3 Nf6 2. g3 d5 3. Bg2 e6 4. O-O Be7 5. d3 O-O 6. a4 a5 7. Nc3 Nc6 8. e4
dxe4 9. dxe4 e5 10. Nb5 Nxe4 11. Qxd8 Bxd8 12. Nxe5 Nxe5 13. Bxe4 c6 14. Nd6 Bc7
15. Nxc8 Raxc8 16. Ra3 Rfd8 17. Bf5 Rb8 18. Re1 b5 19. axb5 cxb5 20. Kg2 Bd6 21.
Ra2 g6 22. Be4 Kg7 23. f4 Nc4 24. Re2 Bb4 25. Bd3 Nd6 26. Be3 Ne8 27. Be4 f5 28.
Bc6 a4 29. Ba7 Rbc8 30. Bxb5 Nf6 31. Rxa4 Bd2 32. Bd4 1-0